AS Roma Squad 2023-2024 - Statistics

General Stats
  • This quiz has been taken 344 times
    236 since last reset
  • The average score is 24 of 31
Answer Stats
# Position Nation Player % Correct
1 GK Portugal Rui Patrício
97%
21 FW Argentina Paulo Dybala
96%
6 DF England Chris Smalling
92%
7 MF Italy Lorenzo Pellegrini
91%
90 FW Belgium Romelu Lukaku
91%
9 FW England Tammy Abraham
90%
4 MF Italy Bryan Cristante
89%
16 MF Argentina Leandro Paredes
88%
59 MF Poland Nicola Zalewski
86%
- Coach Italy Daniele De Rossi
85%
5 DF Ivory Coast Evan N'Dicka
85%
- Coach Portugal José Mourinho
85%
92 FW Italy Stephan El Shaarawy
85%
99 GK Serbia Mile Svilar
84%
17 FW Iran Sardar Azmoun
84%
23 DF Italy Gianluca Mancini
82%
2 DF Netherlands Rick Karsdorp
80%
19 DF Turkey Zeki Çelik
79%
14 DF Spain Diego Llorente
78%
43 DF Denmark Rasmus Kristensen
76%
22 MF Algeria Houssem Aouar
73%
24 DF Albania Marash Kumbulla
73%
69 DF Spain Angeliño
70%
52 MF Italy Edoardo Bove
70%
20 MF Portugal Renato Sanches
70%
37 DF Italy Leonardo Spinazzola
66%
11 FW Italy Andrea Belotti
58%
3 DF Spain Dean Huijsen
53%
35 MF Italy Tommaso Baldanzi
42%
63 GK Italy Pietro Boer
41%
60 MF Italy Riccardo Pagano
20%
No matching quizzes found
Score Distribution
Percent of People with Each Score
Percentile by Number Answered
Your Score History
You have not taken this quiz since the last reset